| 000 | nam a22 7a 4500 | ||
|---|---|---|---|
| 999 |
_c4729 _d235233 |
||
| 020 | _a9789879371312 | ||
| 080 | _a369 D 469 | ||
| 100 | _aDespoulis Netri, Federico | ||
| 245 | _aProcedimiento de Reajuste de Haberes | ||
| 260 |
_aCiudad Autonoma de Buenos Aires _bDYD _c2014 |
||
| 300 |
_a230 P: _c23 X 16 Cm. |
||
| 650 |
_xderecho previsional _xseguridad social _xreajuste de haberes _xcaso Badaro _xhonorarios _xmovilidad jubilatoria _xcaso Chocobar _xcaso Heit Rupp |
||
| 945 |
_acd _d2018-06-18 |
||
| 942 | _6_ | ||